000 00671nam a2200181Ia 4500
008 100920s9999 xx 000 0 und d
082 _b56418
_a--- थ 90
100 _aरेड्रडी केशव / अनु. कोरबा अरविंद.
245 _aक्षुद्रदेवता.
260 _bमराठी साहित्य परिषद, आंध्र प्रदेश.
_c1990
300 _a105
_bसाधी
365 _b40
520 _aकादंबरी.
630 _aक्षुद्रदेवता.
650 _aकादंबरी.
730 _aक्षुद्रदेवता.
942 _cBOOK
999 _c700501
_d700498